First level subdivisions surrounding Italy - Statistics

General Stats
  • This quiz has been taken 15 times
  • The average score is 9 of 31
Answer Stats
Hint Answer % Correct
France Provence-Alpes-Côte-d Azur
93%
Austria Tirol
86%
San Marino Cittá di San Marino
79%
Vatican City Vatican City
79%
France Auvergne-Rhône-Alpes
71%
Switzerland Graubünden
71%
Switzerland Tessin/Ticino
71%
Switzerland Wallis/Valais
71%
Austria Kärnten
57%
Austria Salzburg
50%
San Marino Serravalle
50%
Slovenia Koper
29%
Slovenia Kranjska Gora
14%
San Marino Borgo Maggiore
7%
Slovenia Bovec
7%
Slovenia Brda
7%
San Marino Chiesanouva
7%
Slovenia Hrpelje-Kozina
7%
Slovenia Kobarid
7%
Slovenia Komen
7%
Slovenia Miren-Kostanjevica
7%
Slovenia Sempeter-Vrtojba
7%
Slovenia Sezana
7%
Slovenia Tolmin
7%
San Marino Acquaviva
0%
San Marino Domagnano
0%
San Marino Faetano
0%
San Marino Fiorentino
0%
Slovenia Goriska
0%
Slovenia Kanal
0%
San Marino Monte-giardino
0%
No matching quizzes found
Score Distribution
Percent of People with Each Score
Percentile by Number Answered
Your Score History
You have not taken this quiz